000 00479nam a2200181Ia 4500
999 _c14794
_d14794
003 OSt
005 20201102123604.0
008 190216s9999||||xx |||||||||||||| ||und||
020 _a8130903768
040 _coclc
082 _a813.3
_bMEL/M
100 _aMelvilles, Herman
_96200
245 0 _aMoby-Dick /
_cHerman Melville
260 _bViva Book,
_c2007.
_aUSA:
300 _a86P
650 _aEnglish
942 _cBK
_2ddc
_h813.3
_iMEL/M
_k813.3
_mMEL/M